| 000 | 00331nam a22001337a 4500 | ||
|---|---|---|---|
| 008 | 171006b xxu||||| |||| 00| 0 eng d | ||
| 020 | _a2900195173641 | ||
| 041 | _aeng | ||
| 080 |
_8 _a159.9 |
||
| 100 | _a49 | ||
| 101 | _aPSI | ||
| 245 |
_aTREATING AND PREVENTING ADOLSCENT MENTAL HEALTH DISORDERS _cEVANS,D.L |
||
| 942 |
_2udc _cBK |
||
| 999 |
_c32285 _d32285 |
||